Stepford County Railway Stations: Alternate Names - Statistics

General Stats
  • This quiz has been taken 43 times
    25 since last reset
  • The average score is 37 of 71
Answer Stats
Hint Answer % Correct
Benton Central Benton
100%
Newry North (for Newry Harbour) Newry Harbour
100%
Faraday Lane Faraday Road
89%
Fenmere Faymere
72%
Stepford Terminal 3 Airport Terminal 3
61%
Northwyvern Millcastle
61%
Morgantown Port Morganstown Docks
61%
Newry Center Newry
61%
East Stepford Town Stepford East
61%
Stepford Stadium Stepford United Football Club
61%
Westencoast Westercoast
61%
Woodhead Street Woodhead Lane
61%
Stepford Terminal 1 Airport Terminal 1
56%
Connolly Town Connolly
56%
Newry Quays Eden Quay
56%
South Willow Hemdon Park
56%
Winstree Leighton Stepford Road
56%
East Llyn Northshore
56%
Rosedale Rosedale Village
56%
Stepford Terminal 2 Airport Terminal 2
50%
South Bodin Angel Pass
50%
South Connolly Ashlan Park
50%
Beaulieu Green Beaulieu Park
50%
Benton East Benton Bridge
50%
Berrily Central Berrily
50%
Bodin Central Bodin
50%
Cambridge Street Cambridge Street Parkway
50%
Caranea Bridge Carnalea Bridge
50%
Stepford Hospital City Hospital
50%
Berrily East East Berrily
50%
Elsemere East Elsemere Junction
50%
West Elsemere Elsemere Pond
50%
Farlay Farleigh
50%
Hampton Hampton Hargate
50%
Houghton Houghton Rake
50%
James Avenue James Street
50%
Leighton Leighton City
50%
West Leighton Leighton West
50%
Llyn-on-Sea Llyn-by-the-Sea
50%
Northwyvern Races Millcastle Racecourse
50%
Morgantown Morganstown
50%
Harrow New Harrow
50%
South Benton (for Benton Port) Port Benton
50%
Rayleigh Town Rayleigh Bay
50%
Saint Helens Church Saint Helens Bridge
50%
Stepford Airport Stepford Airport Central
50%
Stepford Airport Car Park Stepford Airport Parkway
50%
Stepford Town Stepford Central
50%
Staploe Upper Staploe
50%
Benton West West Benton
50%
Wyvern City Westwyvern
50%
Whittleton Lido Whitefield Lido
50%
Whitney Park Whitney Green
50%
West Stepford Airport Airport West
44%
Ester Esterfield
44%
Leighton North Rocket Parade
44%
South Stepford Town Stepford Victoria
44%
Newton Water Newton
44%
Whittleton Town Center Whitefield
44%
High Willow Willowfield
44%
Elsemere North Barton
39%
West Stepford Town Beechley
39%
North Bodin Coxly
39%
Bodin Green Coxly Newtown
39%
South Leighton Edgemead
39%
Headquarters Square Four Ways
39%
South Berrily Greenslade
39%
Westwyvern Starryloch
39%
Stepford Caldwell Street Stepford High Street
39%
Selby Town Aslockby
33%
Waterton Heights Financial Quarter
33%
No matching quizzes found
Score Distribution
Percent of People with Each Score
Percentile by Number Answered
Your Score History
You have not taken this quiz since the last reset